| 000 | 00495nam a2200169 i 4500 | ||
|---|---|---|---|
| 001 | 84713 | ||
| 003 | ES-MaACL | ||
| 005 | 20230906175058.0 | ||
| 007 | t| | ||
| 008 | 041123s1959 sp ||||1| spa d | ||
| 100 | 1 |
_aJiménez Malaret, René. _966557 |
|
| 245 | 1 | 0 |
_aPandemonium / _cRené Jiménez Malaret. |
| 250 | _a[1ª ed.]. | ||
| 260 |
_aSan Juan de Puerto Rico : _bClub de la Prensa, _c1959 ( _eBarcelona : _fRumbos) |
||
| 300 |
_a207 p. ; _c23 cm. |
||
| 852 |
_aES-MaACL _jC-27941 _bR.57162 |
||
| 999 |
_c84713 _d84713 |
||